| 000 | 00702nam a22002177a 4500 | ||
|---|---|---|---|
| 999 |
_c64118 _d64118 |
||
| 005 | 20240530110715.0 | ||
| 008 | 171225s2015 ua a g b 000 fdara d | ||
| 017 |
_a2015/10763 _bمصر. دار الكتب |
||
| 020 | _a9789772937271 | ||
| 040 |
_aEG-CaGPL _cEG-CaGPL |
||
| 082 | 0 | 4 |
_221 _a813.03\ _bس ت |
| 100 | 0 | _aسونيا بوماد | |
| 245 | 1 | 2 |
_aالتفاحة الاخيرة : _bرواية / _cسونيا بوماد . |
| 250 | _aط.2 | ||
| 260 |
_aالقاهرة : _bمكتبة الدار العربية للكتاب ، _c2015 . |
||
| 300 |
_a382 ص. ؛ _c20 سم. |
||
| 650 | 0 | 7 |
_2qrmak _aالقصص العربية |
| 651 | _2qrmak | ||
| 942 |
_2ddc _cBK |
||